000 00706nam a2200181 a 4500
008 070219s2006 ||||||||||||||||| || u
050 _aIBRD(08)PRWP/3943
100 _aFoster, Vivien
245 1 0 _aIs cost recovery a feasible objective for water and electricity?
246 _athe latin american experience
260 _aWashington, D. C.
_bWorld Bank
_c2006
300 _a41p.;ill.
350 _a0.00
490 _aWorld Bank policy research working papers
650 _aRESEARCH COLLABORATION
700 _aYepes, Tito
995 _D0.00
_FCBU-MAIN LIBRARY (Kitwe)
_H1
_I0.00
_M1
_UAVAILABLE
_WFeb 19, 2007
_ZInternational Publications
999 _c48362
_d48362